Best Players to Ever Wear a Pistons Jersey - Statistics

General Stats
  • This quiz has been taken 18 times
  • The average score is 10 of 20
Answer Stats
Hint Answer % Correct
3. Ben Wallace
100%
9. Rasheed Wallace
100%
8. Bill Laimbeer
94%
1. Isiah Thomas
94%
6. Joe Dumars
94%
7. Chauncey Billups
88%
15. Blake Griffin
65%
16. Bob Lanier
65%
2. Allen Iverson
59%
4. Dennis Rodman
53%
12. Grant Hill
53%
14. Adrian Dantley
29%
13. Derrick Rose
29%
18. Dave DeBusschere
24%
5. Bob McAdoo
18%
11. Chris Webber
18%
20. Mark Aguirre
18%
10. Tracy McGrady
12%
19. Alvin Robertson
0%
17. Clifford Robinson
0%
No matching quizzes found
Score Distribution
Percent of People with Each Score
Percentile by Number Answered
Your Score History
You have not taken this quiz